Catalog

Record Details

Catalog Search



Available copies

  • 1 of 1 copy available at LARL/NWRL Consortium.
  • 1 of 1 copy available at Lake Agassiz Regional Library. (Show preferred library)

Current holds

0 current holds with 1 total copy.

Show All Copies
Location Call Number / Copy Notes Barcode Shelving Location Status Due Date
Moorhead Public Library GAR (Text) 33500010091809 Main Available -

Record details

  • ISBN: 9780525950752
  • ISBN: 0525950753
  • Physical Description: p. cm.
  • Publisher: New York : Dutton, 2009.

Content descriptions

Summary, etc.:
Forensic psychiatrist Jo Beckett is called to the ... Read More
Subject: Forensic psychiatrists > Fiction.
Amnesiacs > Fiction.
Genre: Suspense fiction.
LDR 02006cam a22003858a 4500
001101035
003LARL_NWRL_CONSORTIUM
00520090223170549.0
008090202s2009 nyu 000 1 eng
020 . ‡a9780525950752
020 . ‡a0525950753
035 . ‡a(OCoLC)191809454
08200. ‡a823/.92 ‡222
1001 . ‡aGardiner, Meg. ‡0(LARL_NWRL_CONSORTIUM)206921
24514. ‡aThe memory collector ‡n#2 / ‡cby Meg Gardiner.
260 . ‡aNew York : ‡bDutton, ‡c2009.
300 . ‡ap. cm.
4900 . ‡aJo Beckett; ‡v2
520 . ‡aForensic psychiatrist Jo Beckett is called to the scene of an aircraft inbound from London to help deal with a passenger who is behaving erratically. She figures out that he's got anterograde amnesia, and can't form new memories. Suddenly a string of clues arises, something to do with a super deadly biological agent code-named "Slick," a missing wife and son, and a secret partnership gone horribly wrong.
650 0. ‡aForensic psychiatrists ‡vFiction. ‡0(LARL_NWRL_CONSORTIUM)169487
650 0. ‡aAmnesiacs ‡vFiction. ‡0(LARL_NWRL_CONSORTIUM)170354
655 7. ‡aSuspense fiction. ‡2gsafd
901 . ‡a101035 ‡bOCLC ‡c101035 ‡tbiblio

Additional Resources